Statistics for Friends Cast Quiz

Click here to take the quiz!

General Stats

  • This quiz has been taken 33 times
  • The average score is 19 of 42

Answer Stats

HintAnswer% Correct
Monica GellerCourteney Cox
100%
Rachel GreenJennifer Aniston
100%
Phoebe BuffayLisa Kudrow
97%
Ross GellerDavid Schwimmer
94%
Joey TribbianiMatt LeBlanc
94%
Chandler BingMatthew Perry
91%
Mike HanniganPaul Rudd
72%
Richard BurkeTom Selleck
72%
Jill GreenReese Witherspoon
69%
Jack GellerElliott Gould
66%
Amy GreenChristina Applegate
63%
Paul StevensBruce Willis
59%
DavidHank Azaria
59%
Janine LaCroixElle Macpherson
56%
JulieLauren Tom
53%
ParkerAlec Baldwin
50%
Janice HosensteinMaggie Wheeler
50%
Judy GellerChristina Pickles
44%
Ben GellerCole Sprouse
44%
GuntherJames Michael Tyler
41%
Charles BingKathleen Turner
41%
EricSean Penn
41%
Pete BeckerJon Favreau
38%
EricaAnna Faris
34%
Frank Buffay, Jr.Giovanni Ribisi
34%
Emily WalthamHelen Baxendale
34%
Nora BingMorgan Fairchild
34%
Susan BunchJessica Hecht
28%
Carol WillickJane Sibbett
25%
Sandra GreenMarlo Thomas
25%
Charlie WheelerAisha Tyler
22%
Tag JonesEddie Cahill
22%
MonaBonnie Somerville
19%
Alice KnightDebra Jo Rupp
19%
Estelle LeonardJune Gable
19%
KathyPaget Brewster
19%
Phoebe AbbottTeri Garr
16%
Elizabeth StevensAlexandra Holden
13%
Barry FarberMitchell Whitfield
13%
Dr. Leonard GreenRon Leibman
6%
Mark RobinsonSteven Eckholdt
6%
Mr. TreegerMike Hagerty
3%

Score Distribution

Percentile by Number Answered

Percent of People with Each Score

Your Score History

You have not taken this quiz